5HLuxD.jpg

KING HENRY VIII SENIOR AND PRIMARY SCHOOL LIBRARY OPAC

One cent, two cent, old cent, new cent / (Record no. 2392)

000 -LEADER
fixed length control field 01909cam a2200409 a 4500
001 - CONTROL NUMBER
control field 867583
003 - CONTROL NUMBER IDENTIFIER
control field OSt
005 - DATE AND TIME OF LATEST TRANSACTION
control field 20230505165850.0
008 - FIXED-LENGTH DATA ELEMENTS--GENERAL INFORMATION
fixed length control field 200406s2011 enka b 001 1 eng d
020 ## - INTERNATIONAL STANDARD BOOK NUMBER
International Standard Book Number 9780007433049
Qualifying information (paperback) :
040 ## - CATALOGING SOURCE
Original cataloging agency TWTCL
Language of cataloging eng
Transcribing agency TWTCL
Description conventions aacr
Modifying agency KH8
041 0# - LANGUAGE CODE
Language code of text/sound track or separate title eng
042 ## - AUTHENTICATION CODE
Authentication code nbic
082 0# - DEWEY DECIMAL CLASSIFICATION NUMBER
Classification number 332.04 WOR
100 1# - MAIN ENTRY--PERSONAL NAME
Personal name Worth, Bonnie.
Relator term author
245 10 - TITLE STATEMENT
Title One cent, two cent, old cent, new cent /
Statement of responsibility, etc. by Bonnie Worth ; illustrated by Aristides Ruiz and Joe Mathieu.
246 1# - VARYING FORM OF TITLE
Display text Subtitle on cover :
Title proper/short title All about money.
264 #1 - PRODUCTION, PUBLICATION, DISTRIBUTION, MANUFACTURE, AND COPYRIGHT NOTICE
Place of production, publication, distribution, manufacture London :
Name of producer, publisher, distributor, manufacturer Harpercollins Children's Books,
Date of production, publication, distribution, manufacture, or copyright notice 2011.
300 ## - PHYSICAL DESCRIPTION
Extent 45 pages :
Other physical details color illustrations ;
Dimensions 23 cm.
336 ## - CONTENT TYPE
Content type term text
Content type code txt
Source rdacontent.
337 ## - MEDIA TYPE
Media type term unmediated
Media type code n
Source rdamedia.
338 ## - CARRIER TYPE
Carrier type term volume
Carrier type code nc
Source rdacarrier.
490 1# - SERIES STATEMENT
Series statement The Cat in the Hat's learning library.
500 ## - GENERAL NOTE
General note Based on the characters created by Dr Seuss.
500 ## - GENERAL NOTE
General note Includes index.
520 ## - SUMMARY, ETC.
Summary, etc. This title and others form part of a series of books that takes an off-beat look at nature and natural sciences through a fun combination of Seussian rhymes and zany illustrations. Aimed at early readers -- from four to seven year olds -- the books are designed to bridge the gap between concept books written for preschoolers and more formal non fiction titles that require fluent reading skills. By presenting the facts in a lively and rhythmic manner, they provide the critical foundation upon which complex facts and ideas can eventually be built.
521 ## - TARGET AUDIENCE NOTE
Target audience note 4-8.
600 00 - SUBJECT ADDED ENTRY--PERSONAL NAME
Personal name Cat in the Hat
Titles and other words associated with a name (Fictitious character)
Form subdivision Juvenile fiction.
650 #0 - SUBJECT ADDED ENTRY--TOPICAL TERM
Topical term or geographic name entry element Money
General subdivision Juvenile literature.
650 #0 - SUBJECT ADDED ENTRY--TOPICAL TERM
Topical term or geographic name entry element Arithmetic
General subdivision Juvenile literature.
653 ## - INDEX TERM--UNCONTROLLED
Uncontrolled term KF.
700 1# - ADDED ENTRY--PERSONAL NAME
Personal name Ruiz, Aristides.
Relator term illustrator
700 1# - ADDED ENTRY--PERSONAL NAME
Personal name Mathieu, Joe,
Dates associated with a name 1949-
700 1# - ADDED ENTRY--PERSONAL NAME
Personal name Seuss,
Titles and other words associated with a name Dr.
830 #0 - SERIES ADDED ENTRY--UNIFORM TITLE
Uniform title Cat in the Hat's learning library.
942 ## - ADDED ENTRY ELEMENTS (KOHA)
Source of classification or shelving scheme
Koha item type Books - Non Ficton
Holdings
Withdrawn status Lost status Source of classification or shelving scheme Damaged status Not for loan Collection code Permanent Location Current Location Shelving location Date acquired Total Checkouts Full call number Barcode Date last seen Date last checked out Price effective from Koha item type
          Non-Fiction KH8 Primary School Library KH8 Primary School Library Non Fiction 2023-05-05 11 332.04 WOR KHPL000004140 2026-04-17 2025-11-21 2023-05-05 Books - Non Ficton

Powered By KH8 IT Dept